Widok standardowy
Widok MARC
Pozycja Personal Name
Liczba rekordów, w których użyto hasła: 1
001 - Numer kontrolny
- control field: 40349
003 - Identyfikator numeru kontrolnego
- control field: NUKAT
005 - Data i czas ostatniej modyfikacji
- control field: 20260421121500.0
008 - Dane kontrolne kodowane (40 znaków)
- fixed length control field: 160621n||a|znnaabn |a aaa |c
010 ## - Numer kontrolny Biblioteki Kongresu
- numer kontrolny LC: n 2016083327
024 7# - OTHER STANDARD IDENTIFIER
- Standard number or code: 622146822043807380408
- Source of number or code: viaf
040 ## - Instytucja sporządzająca rekord
- inst. przygot. dane do rek. khw: SZCZ M/HS
- język haseł przedmiotowych/tezaurus: kaba
- inst. wprow. rek. khw: SZCZ M/HS
100 1# - Hasło - nazwa osobowa
- nazwa osobowa w formie ujednoliconej: Salawa, Anna.
670 ## - Źródło informacji
- źródło informacji: Zróbmy raban! / Anna Salawa, Karolina Sarniewicz. - Kraków, 2016.
670 ## - Źródło informacji
- źródło informacji: BNPol online